[Event "XXXIV C.to Italiano Seniores"]
[Site "Arvier ITA"]
[Date "2012.04.19"]
[Round "6"]
[White "Berendino, Giacomo"]
[Black "Spano' Cuomo, Gaetano"]
[WhiteElo "1576"]
[BlackElo "1802"]
[Result "1-0"]
[PlyCount "35"]
[EventDate "2012.04.14"]

1. d4 e6 2. Nf3 d5 3. a3 Nf6 4. Nbd2 c5 5. e3 Nc6 6. b3 cxd4 7. exd4 Be7 8. Bd3
O-O 9. Bb2 b6 10. O-O Bb7 11. Re1 Qd7 12. Ne5 Nxe5 13. dxe5 Ne8 14. Qh5 g6 15.
Qh6 Ng7 16. Re3 Qd8 17. Rh3 Nh5 18. Rxh5 1-0

[Event "XXXIV C.to Italiano Seniores"]
[Site "Arvier ITA"]
[Date "2012.04.19"]
[Round "6"]
[White "Bonino, Silvano"]
[Black "Lisandri, Luigi"]
[WhiteElo "1516"]
[BlackElo "1434"]
[Result "1-0"]
[PlyCount "82"]
[EventDate "2012.04.14"]

1. d4 Nf6 2. Bf4 d6 3. e3 c6 4. h3 g6 5. Be2 Nd5 6. Bh2 Bg7 7. a3 Nd7 8. c4 Nc7
9. Nc3 Nb6 10. Nf3 Ne6 11. O-O Nd7 12. Rc1 Qa5 13. Rc2 Bf6 14. Qc1 Ng5 15. b4
Qd8 16. Rd1 Nxf3+ 17. Bxf3 Nf8 18. Ne4 Bg7 19. Qd2 Bf5 20. Rcc1 Nd7 21. Ng3 Nf6
22. Nxf5 gxf5 23. Qd3 Qd7 24. Rc2 O-O-O 25. c5 d5 26. Re1 e6 27. b5 Qe8 28.
bxc6 Qxc6 29. Rb1 Rd7 30. Qb5 Qxb5 31. Rxb5 Ne4 32. Bxe4 fxe4 33. c6 b6 34.
cxd7+ Kxd7 35. Rc1 Rc8 36. Rxc8 Kxc8 37. Rb1 Kb7 38. Rc1 Bf8 39. a4 Bb4 40.
Rc7+ Ka6 41. Rxf7 Ka5 1-0

[Event "XXXIV C.to Italiano Seniores"]
[Site "Arvier ITA"]
[Date "2012.04.19"]
[Round "6"]
[White "Brioschi, Camillo"]
[Black "Renzini, Lorenzo"]
[WhiteElo "1839"]
[BlackElo "1745"]
[Result "1-0"]
[PlyCount "79"]
[EventDate "2012.04.14"]

1. d4 Nf6 2. c4 g6 3. Nc3 Bg7 4. e4 d6 5. f3 O-O 6. Be3 b6 7. Bd3 Nbd7 8. Nge2
c5 9. O-O Ba6 10. d5 Ne5 11. b3 Nxd3 12. Qxd3 Nd7 13. f4 e6 14. dxe6 fxe6 15.
Qxd6 Nf6 16. Qxe6+ Kh8 17. Rad1 Qc7 18. Nd5 Qb7 19. Nxf6 Rxf6 20. Qd5 Qc8 21.
Qd7 Qf8 22. Rd5 Rf7 23. Qd6 Qc8 24. e5 Bb7 25. Rd2 Bf8 26. Qd3 Qc6 27. Nc3 Bc8
28. Qd5 Rc7 29. Qxc6 Rxc6 30. Rd8 Bb7 31. Rfd1 Rcc8 32. Rxc8 Rxc8 33. Nd5 Rd8
34. Bf2 Kg7 35. Bh4 Rd7 36. Bf6+ Kf7 37. g4 b5 38. f5 gxf5 39. gxf5 Ke8 40. e6
1-0

[Event "XXXIV C.to Italiano Seniores"]
[Site "Arvier ITA"]
[Date "2012.04.19"]
[Round "6"]
[White "Colombo, Paolo"]
[Black "Cavatorta, Fosco"]
[WhiteElo "2119"]
[BlackElo "1929"]
[Result "1-0"]
[PlyCount "75"]
[EventDate "2012.04.14"]

1. d4 d6 2. Nf3 Bg4 3. c4 Nd7 4. Nc3 Bxf3 5. gxf3 g6 6. h4 h5 7. Bh3 Bg7 8. Be3
c6 9. Qd3 Nh6 10. Rg1 Kf8 11. O-O-O Qe8 12. Kb1 e6 13. Ne4 d5 14. cxd5 cxd5 15.
Nd6 Qe7 16. Qa3 Nf5 17. Bxf5 exf5 18. Bg5 Bf6 19. e4 Bxg5 20. Rxg5 fxe4 21.
fxe4 dxe4 22. Re1 Kg8 23. Rxe4 Qf8 24. Qg3 Rh7 25. Nxb7 Qb4 26. Qc7 Qd2 27. a3
Rb8 28. Re7 Qxd4 29. Rxd7 Qe4+ 30. Ka2 Rf8 31. Nd6 Qxh4 32. Rxg6+ fxg6 33. Rxh7
Qf6 34. Re7 h4 35. Ne8 Qd4 36. Rd7 Rf7 37. Rxd4 Rxc7 38. Nxc7 1-0

[Event "XXXIV C.to Italiano Seniores"]
[Site "Arvier ITA"]
[Date "2012.04.19"]
[Round "6"]
[White "D'Aulisa, Francesco"]
[Black "Quagliarella, Sabino Remo"]
[WhiteElo "1755"]
[BlackElo "1901"]
[Result "0-1"]
[PlyCount "124"]
[EventDate "2012.04.14"]

1. e4 e6 2. d4 d5 3. exd5 exd5 4. Nf3 Nf6 5. Bg5 Be7 6. c4 O-O 7. Bd3 dxc4 8.
Bxc4 Bg4 9. Be2 Nc6 10. Be3 Nd5 11. O-O Re8 12. Bb5 Bf6 13. Bxc6 bxc6 14. Re1
Rb8 15. Nbd2 Rxb2 16. Qc1 Rb6 17. Nc4 Ra6 18. Nfe5 Be6 19. g3 Nxe3 20. fxe3 c5
21. Rd1 cxd4 22. Rxd4 Qc8 23. Rf4 Bxc4 24. Rxf6 gxf6 25. Nxc4 Qe6 26. Qf1 Rc6
27. Rc1 Rxc4 28. Rxc4 Qxe3+ 29. Kh1 Qe1 30. Kg1 Qd2 31. Rc1 Qe3+ 32. Kh1 c5 33.
h3 Re5 34. Rc4 f5 35. Rf4 Qxg3 36. Rxf5 Rxf5 37. Qxf5 Qe1+ 38. Kh2 Qe7 39. Qg4+
Kf8 40. Qc8+ Kg7 41. Qg4+ Kf6 42. Qh4+ Ke6 43. Qxh7 Qd6+ 44. Kg1 Qf4 45. Qc2 c4
46. Qc3 Qe4 47. a4 f5 48. Kf2 Qf4+ 49. Ke2 Kf7 50. Qf3 Qe5+ 51. Qe3 Qb2+ 52.
Kf1 Qa1+ 53. Kf2 Qxa4 54. Qc5 Qc2+ 55. Kg3 Qd3+ 56. Kh2 c3 57. Qxa7+ Ke6 58.
Qa2+ Ke5 59. Qa5+ Ke4 60. Qa8+ Ke3 61. Qa7+ Kd2 62. Qf2+ Qe2 0-1

[Event "XXXIV C.to Italiano Seniores"]
[Site "Arvier ITA"]
[Date "2012.04.19"]
[Round "6"]
[White "De Polzer, Manfredi"]
[Black "Chiandussi, Livio"]
[WhiteElo "1692"]
[BlackElo "1484"]
[Result "1-0"]
[PlyCount "73"]
[EventDate "2012.04.14"]

1. c4 e5 2. Nc3 Nf6 3. g3 c6 4. Bg2 Bc5 5. a3 a6 6. e3 O-O 7. b4 Ba7 8. Nge2 d5
9. cxd5 Nxd5 10. Qc2 Be6 11. Bb2 Qc7 12. Nxd5 Bxd5 13. Bxd5 Nd7 14. Ba2 Rad8
15. O-O Nf6 16. Rad1 Rd7 17. Qf5 Re7 18. Bb1 Bb8 19. d4 Qd7 20. Qxd7 Nxd7 21.
dxe5 Nxe5 22. Bd4 Nf3+ 23. Kg2 Nxd4 24. Rxd4 Be5 25. Rd3 Rc8 26. Rfd1 g6 27.
Nd4 c5 28. bxc5 Rxc5 29. Nf3 Bb2 30. Rd7 Rxd7 31. Rxd7 b6 32. g4 Bxa3 33. Ba2
b5 34. Rxf7 Kh8 35. Ra7 h6 36. Rxa6 Kg7 37. Rxa3 1-0

[Event "XXXIV C.to Italiano Seniores"]
[Site "Arvier ITA"]
[Date "2012.04.19"]
[Round "6"]
[White "Facchetti, Gianni"]
[Black "Bisignano, Giuseppe"]
[WhiteElo "2090"]
[BlackElo "1850"]
[Result "1-0"]
[PlyCount "113"]
[EventDate "2012.04.14"]

1. e4 e5 2. Nf3 Nc6 3. Bc4 Nf6 4. Nc3 Bc5 5. d3 d6 6. Bg5 h6 7. Bxf6 Qxf6 8.
Nd5 Qd8 9. c3 Bg4 10. b4 Bb6 11. a4 a6 12. Nxb6 cxb6 13. h3 Bh5 14. Qb3 Rc8 15.
Bd5 O-O 16. g4 Bg6 17. h4 Kh8 18. h5 Bh7 19. Ke2 Qc7 20. Bxc6 Qxc6 21. c4 Bxe4
22. dxe4 Qxe4+ 23. Kf1 Rxc4 24. Re1 Qc6 25. Re3 f5 26. gxf5 Rxf5 27. Rh3 Rff4
28. b5 Qc5 29. Rg3 e4 30. Ne1 d5 31. bxa6 bxa6 32. Qb2 d4 33. Rb3 Rf6 34. Rg6
Qxh5 35. Rxf6 gxf6 36. Rxb6 Qe5 37. Rb8+ Kg7 38. Qb3 Qd5 39. Qg3+ Qg5 40. Qd6
d3 41. Qf8+ Kg6 42. Qg8+ Kh5 43. Qf7+ Kh4 44. Qxc4 Qg4 45. Qg8 Qe2+ 46. Kg2 d2
47. Qg3+ Kh5 48. Qh3+ Kg6 49. Qg3+ Kf5 50. Nc2 d1=Q 51. Ne3+ Qxe3 52. Qxe3 Qxa4
53. Qxh6 Qc6 54. Qh3+ Ke5 55. Rc8 Qd5 56. Qc3+ Ke6 57. Qc6+ 1-0

[Event "XXXIV C.to Italiano Seniores"]
[Site "Arvier ITA"]
[Date "2012.04.19"]
[Round "6"]
[White "Gardi, Giuseppe"]
[Black "Papa, Angelo"]
[WhiteElo "2013"]
[BlackElo "1852"]
[Result "1/2-1/2"]
[PlyCount "55"]
[EventDate "2012.04.14"]

1. e4 g6 2. Nf3 Bg7 3. g3 d6 4. Bg2 Nd7 5. O-O e5 6. d3 Ne7 7. Nbd2 O-O 8. c3
c6 9. a4 Qc7 10. a5 Nf6 11. Nc4 Be6 12. Ne3 Rad8 13. Ng5 Bc8 14. c4 h6 15. Nh3
Nh7 16. f4 exf4 17. Nxf4 Ng5 18. Ra3 Ne6 19. b4 a6 20. Nxe6 Bxe6 21. d4 Qd7 22.
Bb2 Bh3 23. Bxh3 Qxh3 24. Ng4 f5 25. Nf2 Qh5 26. Qxh5 gxh5 27. Rf3 fxe4 28.
Nxe4 1/2-1/2

[Event "XXXIV C.to Italiano Seniores"]
[Site "Arvier ITA"]
[Date "2012.04.19"]
[Round "6"]
[White "Giani, Franco"]
[Black "Cova, Ennio"]
[WhiteElo "1942"]
[BlackElo "1700"]
[Result "1-0"]
[PlyCount "61"]
[EventDate "2012.04.14"]

1. e3 e5 2. c4 c5 3. Nc3 Nc6 4. Nf3 Nf6 5. d4 cxd4 6. exd4 exd4 7. Nxd4 Be7 8.
Be2 O-O 9. O-O Re8 10. Be3 Qa5 11. a3 a6 12. b4 Qe5 13. Qd2 Nxd4 14. Bxd4 Qc7
15. Rae1 d6 16. Bf3 Be6 17. Bd5 Nxd5 18. cxd5 Bf5 19. Re3 Rac8 20. Rfe1 Kf8 21.
Qe2 Qc4 22. Rxe7 Qxe2 23. R7xe2 Rxe2 24. Rxe2 Rc4 25. Rd2 f6 26. f3 Kf7 27. Kf2
Bd7 28. Ne4 Ke7 29. Ba7 Bf5 30. Bb8 Bxe4 31. Re2 1-0

[Event "XXXIV C.to Italiano Seniores"]
[Site "Arvier ITA"]
[Date "2012.04.19"]
[Round "6"]
[White "Goli, Daniele"]
[Black "Scalfi, Agostino"]
[WhiteElo "1961"]
[BlackElo "1923"]
[Result "1-0"]
[PlyCount "35"]
[EventDate "2012.04.14"]

1. d4 Nf6 2. c4 d5 3. cxd5 Nxd5 4. e4 Nf6 5. Nc3 h6 6. Nf3 Bg4 7. Be2 e6 8. O-O
Be7 9. Qb3 b6 10. h3 Bh5 11. Be3 O-O 12. Rac1 Nbd7 13. Rfd1 a6 14. e5 Nh7 15.
g4 Bg6 16. d5 Nc5 17. Bxc5 bxc5 18. dxe6 1-0

[Event "XXXIV C.to Italiano Seniores"]
[Site "Arvier ITA"]
[Date "2012.04.19"]
[Round "6"]
[White "Guaglianone, Mario"]
[Black "Beltrami, Nerio"]
[WhiteElo "2016"]
[BlackElo "1934"]
[Result "1-0"]
[PlyCount "77"]
[EventDate "2012.04.14"]

1. Nf3 Nf6 2. g3 b6 3. Bg2 Bb7 4. c4 c5 5. Nc3 g6 6. O-O Bg7 7. d3 O-O 8. Bg5
d6 9. Qd2 Qd7 10. Bh6 Nc6 11. Bxg7 Kxg7 12. Rad1 Rad8 13. d4 Nxd4 14. Nxd4 cxd4
15. Qxd4 Bxg2 16. Kxg2 Kg8 17. e4 Qb7 18. h3 Nd7 19. Kh2 Nc5 20. b4 Ne6 21. Qd3
Rfe8 22. f4 Ng7 23. f5 Nh5 24. g4 Ng7 25. Nd5 f6 26. fxg6 hxg6 27. e5 dxe5 28.
Qxg6 Rf8 29. h4 b5 30. h5 Kh8 31. g5 fxg5 32. Qxg5 e4 33. h6 Qb8+ 34. Kh1 Ne6
35. Qg6 Qe5 36. Nxe7 Qg5 37. Qxg5 Nxg5 38. Ng6+ Kh7 39. Nxf8+ 1-0

[Event "XXXIV C.to Italiano Seniores"]
[Site "Arvier ITA"]
[Date "2012.04.19"]
[Round "6"]
[White "Iudicello, Giovanni"]
[Black "Laco, Giuseppe"]
[WhiteElo "2159"]
[BlackElo "2098"]
[Result "0-1"]
[PlyCount "168"]
[EventDate "2012.04.14"]

1. e4 c5 2. Nf3 Nc6 3. d4 cxd4 4. Nxd4 Nf6 5. Nc3 e6 6. Ndb5 d6 7. Bf4 e5 8.
Bg5 a6 9. Na3 h6 10. Bxf6 Qxf6 11. Nd5 Qd8 12. Nc4 Be6 13. c3 Bxd5 14. Qxd5 Qe7
15. Rd1 Rd8 16. Ne3 h5 17. Bc4 Rd7 18. O-O g6 19. Qd3 Bh6 20. Nd5 Qd8 21. Qf3
Bg7 22. Rd2 O-O 23. Rfd1 Na5 24. Qe2 Bh6 25. Rc2 Kg7 26. Bd3 Nc6 27. g3 Ne7 28.
Nxe7 Qxe7 29. Rf1 Qg5 30. Kg2 h4 31. f4 exf4 32. Rxf4 hxg3 33. hxg3 Rdd8 34.
Qf1 Qe5 35. Rf3 Bg5 36. Qf2 f6 37. Qd4 Rh8 38. Qd5 Qe7 39. Bc4 Rh5 40. Qe6 Qxe6
41. Bxe6 Rdh8 42. Rff2 Be3 43. Rfe2 Ba7 44. Rcd2 Rh1 45. Kf3 Rf1+ 46. Kg4 Rh5
47. Rd5 Kh6 48. Rxh5+ gxh5+ 49. Kh3 a5 50. Bc8 b5 51. a3 Rd1 52. Bd7 b4 53.
axb4 axb4 54. cxb4 Rd4 55. b5 Rd3 56. Kg2 Bd4 57. Kh3 Kg5 58. Kg2 Be5 59. Be6
Rxg3+ 60. Kf2 h4 61. b6 Bd4+ 62. Ke1 Bxb6 63. Rh2 Rg1+ 64. Ke2 Bd4 65. b3 Be5
66. Rf2 Bf4 67. Rf3 Rb1 68. Rf1 Rb2+ 69. Kf3 Rc2 70. Rg1+ Bg3 71. Ke3 Kh6 72.
Kf3 Rf2+ 73. Kg4 Rf4+ 74. Kh3 Rxe4 75. Bc4 Kg5 76. Rf1 Re3 77. Rd1 f5 78. Rd5
Be5+ 79. Kg2 h3+ 80. Kf2 Rg3 81. Rd1 f4 82. Bd5 Re3 83. Rg1+ Kh4 84. Rg6 Bd4
0-1

[Event "XXXIV C.to Italiano Seniores"]
[Site "Arvier ITA"]
[Date "2012.04.19"]
[Round "6"]
[White "Jeanrenaud, Antonia"]
[Black "Piazza, Giacomo"]
[WhiteElo "1597"]
[BlackElo "1619"]
[Result "0-1"]
[PlyCount "59"]
[EventDate "2012.04.14"]

1. e4 e5 2. d4 exd4 3. Qxd4 Nc6 4. Qe3 d6 5. Nf3 h6 6. Bc4 Nf6 7. h3 Be7 8. a3
a6 9. O-O O-O 10. b4 b5 11. Bd3 Ne5 12. Nxe5 dxe5 13. Nd2 Bd6 14. Bb2 Re8 15.
Nf3 Qe7 16. Qd2 Nh5 17. c4 bxc4 18. Bxc4 Nf4 19. g4 Nxh3+ 20. Kh2 Bxg4 21. Rh1
Nf4 22. Kg3 Bxf3 23. Kxf3 Qf6 24. Ke3 Rad8 25. Qc2 c5 26. bxc5 Bxc5+ 27. Kf3
Nh3+ 28. Kg2 Nxf2 29. Raf1 Qh4 30. Kf3 0-1

[Event "XXXIV C.to Italiano Seniores"]
[Site "Arvier ITA"]
[Date "2012.04.19"]
[Round "6"]
[White "Nai, Giovanni"]
[Black "Catalfamo, Santo"]
[WhiteElo "1651"]
[BlackElo "1794"]
[Result "1-0"]
[PlyCount "73"]
[EventDate "2012.04.14"]

1. e4 e5 2. Nf3 Nc6 3. Bb5 Bc5 4. O-O d6 5. c3 a6 6. Bxc6+ bxc6 7. d4 Ba7 8.
dxe5 Ne7 9. exd6 cxd6 10. Bf4 Bb8 11. Na3 d5 12. Bxb8 Rxb8 13. exd5 cxd5 14.
Qd2 O-O 15. b3 Rb6 16. Nc2 Bb7 17. Ncd4 Qc7 18. Rfe1 Bc8 19. Rac1 Bg4 20. c4
dxc4 21. Rxc4 Qd6 22. Qg5 Be6 23. Rcc1 h6 24. Qe5 Rd8 25. Nxe6 Qxe5 26. Rxe5
fxe6 27. g3 Rbd6 28. Kg2 Ng6 29. Rec5 Kh7 30. h4 Rf8 31. R1c3 Ne7 32. Rc2 Nd5
33. a3 Nf6 34. R5c4 Rd3 35. R2c3 Rd6 36. Rc6 Rxc6 37. Rxc6 1-0

[Event "XXXIV C.to Italiano Seniores"]
[Site "Arvier ITA"]
[Date "2012.04.19"]
[Round "6"]
[White "Nipote, Mario"]
[Black "Maestri, Roberto"]
[WhiteElo "1504"]
[BlackElo "1711"]
[Result "1/2-1/2"]
[PlyCount "119"]
[EventDate "2012.04.14"]

1. d4 Nf6 2. c4 e5 3. dxe5 Ne4 4. Nf3 Bb4+ 5. Bd2 Nxd2 6. Nbxd2 Nc6 7. e3 Qe7
8. Be2 O-O 9. O-O Nxe5 10. a3 Bd6 11. b4 c6 12. c5 Bc7 13. Qc2 d6 14. Nxe5 dxe5
15. e4 f5 16. Bd3 f4 17. Nf3 Bg4 18. Bc4+ Kh8 19. Be2 Rad8 20. Rad1 Rd7 21. Rd2
Rxd2 22. Qxd2 Rd8 23. Qc3 h6 24. h3 Bc8 25. Rd1 Rxd1+ 26. Bxd1 g5 27. Nh2 Qd8
28. Bb3 Qd4 29. Qxd4 exd4 30. Nf3 g4 31. hxg4 Bxg4 32. Nxd4 Be5 33. Nf5 Kh7 34.
f3 Bxf5 35. exf5 Bb2 36. a4 Ba3 37. b5 Bxc5+ 38. Kf1 cxb5 39. axb5 a6 40. bxa6
bxa6 41. f6 Kg6 42. f7 Kg5 43. Ke2 Kh4 44. Kd3 Kg3 45. Ke4 h5 46. Kd5 Bf8 47.
Ke4 h4 48. Be6 Bh6 49. Bh3 a5 50. Kd3 Bf8 51. Kc4 a4 52. Kc3 a3 53. Kb3 Kf2 54.
Ka2 Ke3 55. Kb3 Kd4 56. Bg4 Ke5 57. Bd7 Kf6 58. Be8 Kg5 59. Bd7 Kh5 60. Ka2
1/2-1/2

[Event "XXXIV C.to Italiano Seniores"]
[Site "Arvier ITA"]
[Date "2012.04.19"]
[Round "6"]
[White "Palermiti, Francesco"]
[Black "Pipitone, Antonio"]
[WhiteElo "1545"]
[BlackElo "1941"]
[Result "0-1"]
[PlyCount "110"]
[EventDate "2012.04.14"]

1. d4 Nf6 2. Nf3 g6 3. e3 d6 4. Bd3 Bg7 5. O-O Bg4 6. Nbd2 O-O 7. b3 e5 8. dxe5
dxe5 9. Bb2 Re8 10. e4 Nc6 11. Be2 Qe7 12. h3 Bxf3 13. Bxf3 Rad8 14. Qe2 Nd4
15. Bxd4 Rxd4 16. Rad1 Red8 17. Qe3 c5 18. Nc4 b5 19. Nb2 Nd7 20. Be2 a6 21. c3
Rxd1 22. Rxd1 f5 23. exf5 gxf5 24. c4 e4 25. Nd3 Bd4 26. Qg3+ Kh8 27. Nf4 Rg8
28. Nd5 Qf7 29. Qh4 Qg7 30. g3 Qxg3+ 31. Qxg3 Rxg3+ 32. Kh2 Rg7 33. f4 exf3 34.
Bxf3 bxc4 35. bxc4 Ne5 36. Bg2 Nxc4 37. Rf1 f4 38. Kh1 Ne3 39. Nxe3 Bxe3 40.
Rb1 Rd7 41. a4 Kg7 42. Bf3 c4 43. Rb7 Rxb7 44. Bxb7 c3 45. Be4 h6 46. Kg2 Kf6
47. h4 Ke5 48. Kf3 Kd4 49. Bc2 Kc4 50. Kg4 Kb4 51. Kf3 Ka3 52. Ke2 Kb2 53. Bd3
Bd2 54. h5 f3+ 55. Kd1 f2 0-1

[Event "XXXIV C.to Italiano Seniores"]
[Site "Arvier ITA"]
[Date "2012.04.19"]
[Round "6"]
[White "Pierantoni, Guglielmo"]
[Black "Bogatto, Mario"]
[WhiteElo "1693"]
[BlackElo "1421"]
[Result "0-1"]
[PlyCount "66"]
[EventDate "2012.04.14"]

1. e4 d6 2. d4 Nf6 3. Bd3 Bg4 4. f3 Bd7 5. Be3 c6 6. c3 a5 7. Ne2 e6 8. O-O Be7
9. Nd2 O-O 10. Qc2 e5 11. Rac1 exd4 12. cxd4 Na6 13. a3 Nc7 14. e5 dxe5 15.
dxe5 Nfd5 16. Bxh7+ Kh8 17. Bf2 g6 18. Bxg6 fxg6 19. Qxg6 Qe8 20. Qh6+ Kg8 21.
Ne4 Qf7 22. Bd4 Qe6 23. Nf6+ Bxf6 24. Qg6+ Bg7 25. Qg3 Rf7 26. f4 Ne7 27. f5
Nxf5 28. Rxf5 Qxf5 29. e6 Nxe6 30. Bxg7 Rxg7 31. Qb3 Qg5 32. Qh3 Nd4 33. Qb3+
Nxb3 0-1

[Event "XXXIV C.to Italiano Seniores"]
[Site "Arvier ITA"]
[Date "2012.04.19"]
[Round "6"]
[White "Tedesco, Fernando"]
[Black "Zangrando, Gianpietro"]
[WhiteElo "1685"]
[BlackElo "1780"]
[Result "0-1"]
[PlyCount "84"]
[EventDate "2012.04.14"]

1. e4 e6 2. d4 d5 3. e5 c5 4. c3 Nc6 5. Bb5 Bd7 6. Bxc6 Bxc6 7. Ne2 Ne7 8. O-O
Nf5 9. Re1 Be7 10. dxc5 Bxc5 11. Nd4 Qb6 12. Nxf5 Bxf2+ 13. Kh1 exf5 14. Re2
O-O 15. Qc2 Bh4 16. Qxf5 Bb5 17. Be3 Qe6 18. Qxe6 fxe6 19. Rd2 Rf1+ 20. Bg1
Raf8 21. g3 Bg5 22. Rg2 Bd3 23. h4 Be3 24. Kh2 Bxg1+ 25. Rxg1 Rxg1 26. Kxg1
Rf1+ 27. Kg2 Rxb1 28. Rxb1 Bxb1 29. a3 Ba2 30. Kf3 Kf7 31. Kf4 h6 32. g4 g6 33.
g5 h5 34. Ke3 Ke7 35. Kd4 b6 36. a4 Kd7 37. a5 Kc6 38. axb6 axb6 39. b4 Kb5 40.
Kd3 Bb3 41. Kd4 Bc2 42. Ke3 Kc4 0-1

[Event "XXXIV C.to Italiano Seniores"]
[Site "Arvier ITA"]
[Date "2012.04.20"]
[Round "7"]
[White "Beltrami, Nerio"]
[Black "Berendino, Giacomo"]
[WhiteElo "1934"]
[BlackElo "1576"]
[Result "0-1"]
[PlyCount "66"]
[EventDate "2012.04.14"]

1. e4 e5 2. Nf3 Nc6 3. Bb5 Nf6 4. d3 Bc5 5. O-O d6 6. c3 O-O 7. Bg5 a6 8. Ba4
Bg4 9. h3 Bh5 10. Nbd2 h6 11. Bh4 g5 12. Bg3 Kh8 13. Bxc6 bxc6 14. Qa4 g4 15.
hxg4 Nxg4 16. d4 Ba7 17. Nc4 f6 18. Nh4 exd4 19. cxd4 Bxd4 20. Nf5 Ba7 21. Qa5
Kh7 22. Nce3 Rg8 23. Bf4 Nxe3 24. Nxe3 Be2 25. Qf5+ Rg6 26. Rfe1 Bxe3 27. Bxe3
Bg4 28. Qf4 Qf8 29. Kh2 Qe7 30. f3 Bd7 31. Re2 Rag8 32. Rg1 Rg5 33. Qh4 Qe5+
0-1

[Event "XXXIV C.to Italiano Seniores"]
[Site "Arvier ITA"]
[Date "2012.04.20"]
[Round "7"]
[White "Bisignano, Giuseppe"]
[Black "Gardi, Giuseppe"]
[WhiteElo "1850"]
[BlackElo "2013"]
[Result "1-0"]
[PlyCount "127"]
[EventDate "2012.04.14"]

1. e4 g6 2. d4 Bg7 3. Nc3 c6 4. f4 d5 5. e5 Nh6 6. Nf3 O-O 7. Bd3 Bg4 8. h3
Bxf3 9. Qxf3 f6 10. e6 f5 11. Be3 Qb6 12. g4 fxg4 13. hxg4 Bxd4 14. Bxd4 Qxd4
15. Rxh6 Rxf4 16. Ne2 Rxf3 17. Nxd4 Rf4 18. c3 c5 19. Ne2 Rxg4 20. O-O-O Nc6
21. Bb5 Kg7 22. Rh3 a6 23. Bxc6 bxc6 24. Rf1 h5 25. Rf7+ Kh6 26. Rxe7 Re4 27.
Kd2 Rf8 28. Re3 Rxe3 29. Kxe3 Rf6 30. b4 cxb4 31. cxb4 g5 32. Nd4 Kg6 33. Nxc6
g4 34. Nd4 Rf1 35. Rh7 Rf8 36. Rd7 g3 37. Nf3 Re8 38. e7 Kf7 39. Nd4 h4 40. Kf3
Rxe7 41. Rxe7+ Kxe7 42. Nf5+ Kd7 43. Nxh4 Kc6 44. a4 Kd6 45. Nf5+ Ke5 46. Nxg3
Kd4 47. Ne2+ Kc4 48. b5 axb5 49. a5 Kc5 50. Ke3 Kc6 51. Nd4+ Kc5 52. Nb3+ Kd6
53. Kd4 b4 54. Nc5 Kc6 55. Nb3 Kd6 56. Kd3 Kc6 57. Nd4+ Kd6 58. Kc2 Kc5 59. Kb3
Kxd4 60. a6 Ke3 61. a7 d4 62. a8=Q d3 63. Qg2 d2 64. Kc2 1-0

[Event "XXXIV C.to Italiano Seniores"]
[Site "Arvier ITA"]
[Date "2012.04.20"]
[Round "7"]
[White "Bogatto, Mario"]
[Black "Acunzo, Domenico"]
[WhiteElo "1421"]
[BlackElo "1717"]
[Result "0-1"]
[PlyCount "52"]
[EventDate "2012.04.14"]

1. c4 e5 2. Nc3 Nc6 3. Nf3 f5 4. d3 Nf6 5. Bg5 Bb4 6. Qc2 h6 7. Bxf6 Qxf6 8. e3
d6 9. a3 Bxc3+ 10. bxc3 O-O 11. Be2 b6 12. Nd2 Bb7 13. Bf3 Rae8 14. e4 Na5 15.
Rb1 Kh8 16. Nb3 Nxb3 17. Qxb3 fxe4 18. dxe4 Qf4 19. Qc2 a5 20. Qd3 Re6 21. Ke2
Qf7 22. Rhf1 Rf6 23. Rb2 Ba6 24. Rb5 c6 25. Rd5 cxd5 26. exd5 Qc7 0-1

[Event "XXXIV C.to Italiano Seniores"]
[Site "Arvier ITA"]
[Date "2012.04.20"]
[Round "7"]
[White "Catalfamo, Santo"]
[Black "De Polzer, Manfredi"]
[WhiteElo "1794"]
[BlackElo "1692"]
[Result "1-0"]
[PlyCount "81"]
[EventDate "2012.04.14"]

1. e4 c5 2. Bc4 e6 3. Nc3 a6 4. a4 Nc6 5. Nf3 d6 6. O-O Bd7 7. Be2 Nf6 8. d3
Be7 9. h3 Rc8 10. b3 Qc7 11. Bb2 Nd4 12. Rc1 b5 13. axb5 axb5 14. Nxd4 cxd4 15.
Nb1 e5 16. Nd2 Qb6 17. b4 O-O 18. c3 dxc3 19. Bxc3 Be6 20. Nf3 Nd7 21. d4 exd4
22. Bxd4 Qb7 23. Qd2 Bc4 24. Bd3 d5 25. Rfe1 Bxd3 26. Qxd3 Bxb4 27. Rxc8 Rxc8
28. Re2 dxe4 29. Rxe4 Qb8 30. Qb1 Ba3 31. Be3 b4 32. Ng5 Nf6 33. Rf4 h6 34.
Rxf6 hxg5 35. Rf5 f6 36. h4 gxh4 37. Qb3+ Kh7 38. Rh5+ Kg6 39. Rxh4 Qe5 40.
Rg4+ Kh7 41. Qf7 1-0

[Event "XXXIV C.to Italiano Seniores"]
[Site "Arvier ITA"]
[Date "2012.04.20"]
[Round "7"]
[White "Cavatorta, Fosco"]
[Black "Zangrando, Gianpietro"]
[WhiteElo "1929"]
[BlackElo "1780"]
[Result "0-1"]
[PlyCount "66"]
[EventDate "2012.04.14"]

1. d4 d5 2. Nf3 e6 3. e3 Bd6 4. Bd3 Nd7 5. Nbd2 f5 6. c4 c6 7. b3 Ngf6 8. Bb2
O-O 9. Ne5 Ne4 10. O-O Nxd2 11. Qxd2 Nf6 12. f3 Bd7 13. Rae1 Be8 14. e4 dxe4
15. fxe4 Nxe4 16. Bxe4 Bxe5 17. Bc2 Bf6 18. Rxe6 Bf7 19. Ree1 c5 20. Bxf5 cxd4
21. Qd3 h6 22. Be4 Qb6 23. Rd1 Rad8 24. Kh1 Rfe8 25. Qf3 Bxc4 26. Bxd4 Rxd4 27.
Rxd4 Qxd4 28. Re1 Bf7 29. Qf5 g6 30. Qg4 Kg7 31. h4 h5 32. Qf4 Qe5 33. Qf3 Bd5
0-1

[Event "XXXIV C.to Italiano Seniores"]
[Site "Arvier ITA"]
[Date "2012.04.20"]
[Round "7"]
[White "Centofante, Maria Rosa"]
[Black "Bonino, Silvano"]
[WhiteElo "1608"]
[BlackElo "1516"]
[Result "1-0"]
[PlyCount "97"]
[EventDate "2012.04.14"]

1. d4 d5 2. Nf3 Nf6 3. c4 c6 4. Nc3 h6 5. a3 e6 6. cxd5 cxd5 7. e3 a6 8. Bd3
Bd6 9. O-O O-O 10. Bd2 Bd7 11. Qc2 Nc6 12. e4 dxe4 13. Nxe4 Nxe4 14. Bxe4 Rc8
15. Qd1 b5 16. b4 Ne7 17. Bb7 Rc7 18. Be4 Bc6 19. Bxc6 Rxc6 20. Rc1 Qd7 21. Bc3
Rfc8 22. Bb2 Bf4 23. Rxc6 Rxc6 24. g3 Bd6 25. Nd2 Bc7 26. Nb3 Qc8 27. Nc5 Nd5
28. Qg4 Nf6 29. Qf3 Bb6 30. Re1 Nd5 31. Qg4 Nf6 32. Qf3 Ba7 33. Bc1 Bb8 34.
Bxh6 gxh6 35. Qxf6 Qf8 36. Qf3 Qd6 37. Qg4+ Kh7 38. Qe4+ Kg7 39. f4 Qd5 40. Re2
Qxe4 41. Rxe4 Bd6 42. Kg2 Kf6 43. Kf3 h5 44. h4 Kf5 45. Re3 Be7 46. Re5+ Kg6
47. d5 Rd6 48. dxe6 Bf6 49. e7 1-0

[Event "XXXIV C.to Italiano Seniores"]
[Site "Arvier ITA"]
[Date "2012.04.20"]
[Round "7"]
[White "Chiandussi, Livio"]
[Black "Lodi, Paolo"]
[WhiteElo "1484"]
[BlackElo "1595"]
[Result "1-0"]
[PlyCount "135"]
[EventDate "2012.04.14"]

1. d4 Nf6 2. c4 g6 3. Nc3 Bg7 4. e4 d6 5. f4 O-O 6. Nf3 Nbd7 7. Bd3 h6 8. h3 e5
9. fxe5 dxe5 10. dxe5 Ne8 11. Bf4 c6 12. Qd2 Kh7 13. O-O-O g5 14. Bh2 Qe7 15.
e6 Qxe6 16. Rhe1 Ne5 17. Nxe5 Bxe5 18. Bxe5 Qxe5 19. Ne2 c5 20. Ng1 Be6 21. Nf3
Qg7 22. e5+ Kg8 23. Qe3 b6 24. g4 Nc7 25. b3 Rad8 26. Rd2 Na6 27. a3 Nb8 28.
Red1 Nc6 29. Bf5 Rxd2 30. Rxd2 Bc8 31. Rd6 Ne7 32. Bxc8 Nxc8 33. Rd7 Re8 34.
Qe4 Qf8 35. h4 Re7 36. Rxe7 Qxe7 37. hxg5 hxg5 38. Qf5 Qe8 39. Nxg5 Ne7 40.
Qh7+ Kf8 41. Qh8+ Ng8 42. Qh2 Qd7 43. Qf4 Ke8 44. Ne4 Qe6 45. Nd6+ Kf8 46. Kd2
Qh6 47. g5 Qe6 48. Qf5 Qxf5 49. Nxf5 Ne7 50. Nxe7 Kxe7 51. Ke3 Ke6 52. Ke4 a6
53. Kf4 b5 54. Ke4 b4 55. axb4 cxb4 56. Kf4 a5 57. Ke4 a4 58. bxa4 b3 59. Kd3
b2 60. Kc2 b1=Q+ 61. Kxb1 Kxe5 62. a5 Kd6 63. Kc2 Kc6 64. Kc3 Kc5 65. a6 Kb6
66. a7 Kxa7 67. Kd4 Kb6 68. Kd5 1-0